Biggest Islands of European Countries Outside of Europe - Statistics

General Stats
  • This quiz has been taken 154 times
    93 since last reset
  • The average score is 23 of 50
Answer Stats
Hint Answer % Correct
Area 2,130,800 Greenland
88%
Population 55,877 Greenland
88%
Area 2,535 Réunion
78%
Population 850,727 Réunion
78%
Population 104,822 Aruba
73%
Area 444 Curaçao
71%
Population 160,337 Curaçao
71%
Area 1,167 Martinique
71%
Population 380,877 Martinique
71%
Area 16,648 Grande Terre (New Caledonia)
68%
Population 247,669 Grande Terre (New Caledonia)
68%
Area 7,040 East Falkland
67%
Area 4,531 West Falkland
67%
Area 848 Basse-Terre (Guadeloupe)
63%
Population 187,332 Basse-Terre (Guadeloupe)
63%
Area 1,069 Tahiti
63%
Population 189,517 Tahiti
63%
Area 587 Grande-Terre (Guadeloupe)
62%
Population 195,550 Grande-Terre (Guadeloupe)
62%
Population 64,628 Bermuda
56%
Population 227,245 Grande-Terre (Mayotte)
56%
Population 29,273 Petite-Terre (Mayotte)
56%
Population 69,895 Saint Martin
51%
Area 1,530 Gran Canaria
49%
Population 847,830 Gran Canaria
49%
Area 2,008 Tenerife
49%
Population 889,936 Tenerife
49%
Area 741 Madeira
48%
Population 289,000 Madeira
48%
Population 59,262 Grand Cayman
44%
Area 3,718 South Georgia
44%
Area 1,633 Fuerteventura
32%
Population 103,492 Fuerteventura
32%
Area 846 Lanzarote
29%
Population 142,132 Lanzarote
29%
Area 708 La Palma
27%
Population 85,225 La Palma
27%
Area 6,617 La Grande Terre (Kerguelen Islands)
26%
Population 23,908 Tortola
23%
Area 745 São Miguel
18%
Population 137,830 São Miguel
18%
Area 377 Jan Mayen
14%
Population 23,769 Providenciales
14%
Population 22,776 La Gomera
10%
Area 447 Pico
7%
Area 401 Terceira
7%
Population 56,437 Terceira
7%
Area 8,612 Disko Island
4%
Area 1,146 Lifou
4%
Area 642 Maré
1%
No matching quizzes found
Score Distribution
Percent of People with Each Score
Percentile by Number Answered
Your Score History
You have not taken this quiz since the last reset